[Event "Mantua Province-ch 03"]
[Site "Mantova"]
[Date "2002.12.15"]
[Round "6"]
[White "Peron, Davide"]
[Black "Azzoni, Marino"]
[Result "0-1"]
[WhiteElo "1555"]
[BlackElo "1696"]
[PlyCount "58"]
[EventDate "2002.12.07"]
[EventType "swiss"]
[EventRounds "6"]
[EventCountry "ITA"]
[SourceTitle "EXT 2024"]
[Source "ChessBase"]
[SourceDate "2023.10.10"]
[SourceVersion "1"]
[SourceVersionDate "2023.10.10"]
[SourceQuality "1"]

1. e4 e5 2. Nf3 d6 3. d4 exd4 4. Nxd4 Nf6 5. Nc3 Be7 6. Bd3 0-0 7. 0-0 Re8 8. f4 Bg4 9. Qe1 Nbd7 10. h3 c5 11. hxg4 cxd4 12. Ne2 Nxg4 13. Qg3 Ngf6 14. Qh3 Nc5 15. f5 Nfxe4 16. Bxe4 Nxe4 17. Nf4 d5 18. Nh5 Nf6 19. Nf4 Bc5 20. Nd3 Be7 21. Bf4 Rc8 22. Rac1 Ne4 23. g4 Ng5 24. Qg3 Bf6 25. Rf2 Ne4 26. Qh2 Nxf2 27. Nxf2 Re2 28. Kg2 d3 29. Rh1 Rxf2+ 0-1